[Event "Mercredi 2023.10.18 ABCD"]
[Site "Montreal CAN"]
[Date "2023.10.18"]
[Round "1"]
[White "Kozlov, Guennadi"]
[Black "Corbel, Mael"]
[Result "1-0"]
[WhiteElo "1830"]
[BlackElo "1746"]
[PlyCount "97"]
[EventDate "2023.10.18"]
[EventType "tourn"]
[EventRounds "5"]
[EventCountry "CAN"]

1. e4 Nf6 2. e5 Nd5 3. d4 d6 4. Nf3 g6 5. Bc4 c6 6. O-O Bg7 7. exd6 Qxd6 8. c3
O-O 9. Nbd2 Nd7 10. Ne4 Qc7 11. Re1 N7f6 12. Ng3 Nb6 13. Bb3 Bg4 14. Qd3 c5 15.
Qe3 c4 16. Bc2 Nbd5 17. Qe2 b5 18. a3 a5 19. h3 Bd7 20. Ne5 Rac8 21. Bd2 Be8
22. Qf3 e6 23. h4 Nd7 24. Ng4 N7f6 25. Nxf6+ Nxf6 26. Bf4 Qc6 27. Ne4 Nxe4 28.
Bxe4 Qb6 29. Qg3 Bc6 30. Bd6 Rfd8 31. Bc5 Qb7 32. f3 Bf8 33. Bxf8 Rxf8 34. h5
Qc7 35. Qh4 Qd8 36. Qf4 g5 37. Qe5 Bd5 38. Bxd5 exd5 39. Qf5 h6 40. Re5 b4 41.
axb4 axb4 42. Rxd5 Qe7 43. Re5 Qb7 44. Rb5 Qe7 45. Qe4 Qd7 46. Rb7 Qd6 47. Ra5
Rfe8 48. Qf5 f6 49. Qh7+ 1-0

[Event "Mercredi 2023.10.18 ABCD"]
[Site "Montreal CAN"]
[Date "2023.10.18"]
[Round "1"]
[White "Latorre, Vincent"]
[Black "Chapdelaine, Gwyn"]
[Result "1-0"]
[WhiteElo "2219"]
[BlackElo "2112"]
[PlyCount "127"]
[EventDate "2023.10.18"]
[EventType "tourn"]
[EventRounds "5"]
[EventCountry "CAN"]

1. e4 c6 2. Nf3 d5 3. d3 dxe4 4. dxe4 Qxd1+ 5. Kxd1 Nf6 6. Nbd2 g6 7. a4 Bg4 8.
Be2 Nbd7 9. Ne1 Bxe2+ 10. Kxe2 Bh6 11. f3 O-O 12. Nd3 Ne8 13. a5 Nc7 14. c3
Rad8 15. Nc4 Bxc1 16. Rhxc1 Ne6 17. Rd1 Ndc5 18. Nxc5 Nxc5 19. b4 Na6 20. Ne5
Rd6 21. Nc4 Rdd8 22. Ke3 Nc7 23. Ne5 Rd6 24. a6 Nxa6 25. Rxd6 exd6 26. Nxc6 Kg7
27. Ne7 Nc7 28. Rd1 Re8 29. Nd5 Rc8 30. Nxc7 Rxc7 31. Rc1 Kf6 32. Kd4 Ke6 33.
Ra1 a6 34. Ra5 Rc6 35. c4 Rc7 36. h4 f5 37. exf5+ gxf5 38. Ra2 b5 39. Re2+ Kf6
40. cxb5 axb5 41. Kd5 Rc4 42. Re6+ Kg7 43. h5 Rxb4 44. h6+ Kf7 45. Rxd6 Rh4 46.
Ke5 Rh5 47. Rf6+ Ke7 48. Rb6 Kf7 49. Kf4 b4 50. g3 b3 51. Rxb3 Rxh6 52. Rb7+
Kg8 53. Kxf5 Rc6 54. f4 Ra6 55. g4 h6 56. Re7 Ra4 57. Kg6 Kf8 58. Rf7+ Kg8 59.
Rf6 h5 60. Kxh5 Kg7 61. Kg5 Ra5+ 62. f5 Ra4 63. Rb6 Rxg4+ 64. Kxg4 1-0

[Event "Mercredi 2023.10.18 ABCD"]
[Site "Montreal CAN"]
[Date "2023.10.18"]
[Round "1"]
[White "Li, Yi Lin"]
[Black "Templonueva, Mark Geryl"]
[Result "1-0"]
[WhiteElo "1982"]
[BlackElo "1860"]
[PlyCount "139"]
[EventDate "2023.10.18"]
[EventType "tourn"]
[EventRounds "5"]
[EventCountry "CAN"]

1. e4 e5 2. Nf3 Nc6 3. Bb5 a6 4. Ba4 Nf6 5. d3 b5 6. Bb3 Bc5 7. c3 d6 8. h3 h6
9. O-O Bb6 10. Re1 g5 11. Nh2 Na5 12. Bc2 c5 13. a4 Rb8 14. Be3 Nc6 15. axb5
axb5 16. Na3 Ba5 17. Bd2 O-O 18. h4 gxh4 19. Bxh6 Ne7 20. Qf3 Ng6 21. Bxf8 Kxf8
22. Red1 Nf4 23. d4 Qe7 24. dxc5 dxc5 25. Nb1 Bb6 26. Nd2 Nh7 27. c4 Ng5 28.
Qe3 h3 29. g3 Ng2 30. Qe2 Ne6 31. Ndf3 f6 32. b3 Nd4 33. Nxd4 cxd4 34. Bd3 b4
35. Qf3 Qg7 36. Kf1 Qg5 37. Ke2 Bd7 38. Rd2 Ke7 39. Kd1 Rd8 40. Kc2 Bc6 41. Re2
Be8 42. Qf5 Qxf5 43. exf5 Bh5 44. Rd2 Ne3+ 45. Kb1 Nd1 46. Ra6 Nc3+ 47. Kb2 Rd6
48. g4 Be8 49. f3 Bc5 50. Rxd6 Bxd6 51. Bf1 e4 52. fxe4 Bf4 53. Rc2 Nd1+ 54.
Kb1 Ne3 55. Ra2 Bxh2 56. Rxh2 Nxf1 57. Rxh3 Nd2+ 58. Kc2 Nxe4 59. Rh7+ Kd6 60.
Kd3 Nc5+ 61. Kxd4 Nxb3+ 62. Kd3 Nc5+ 63. Kd4 Bc6 64. Rh6 Nb3+ 65. Ke3 Na5 66.
Rxf6+ Kc5 67. Kd3 Bg2 68. Rf8 Bf1+ 69. Kc2 Bxc4 70. f6 1-0

[Event "Mercredi 2023.10.18 ABCD"]
[Site "Montreal CAN"]
[Date "2023.10.18"]
[Round "1"]
[White "Singher, Jean-Pierre"]
[Black "Landry, Sylvain"]
[Result "1/2-1/2"]
[WhiteElo "1969"]
[BlackElo "1889"]
[PlyCount "98"]
[EventDate "2023.10.18"]
[EventType "tourn"]
[EventRounds "5"]
[EventCountry "CAN"]

1. d4 d5 2. Bf4 c5 3. e3 Nc6 4. Nc3 cxd4 5. exd4 a6 6. Nf3 Nf6 7. Ne5 Bf5 8.
Nxc6 bxc6 9. Bd3 Bxd3 10. Qxd3 e6 11. O-O Bd6 12. Bxd6 Qxd6 13. Na4 Nd7 14.
Rfe1 O-O 15. Qg3 Qxg3 16. hxg3 Rab8 17. a3 a5 18. Re3 Rfc8 19. Rc3 Kf8 20. Re1
Ke7 21. b3 Kd6 22. Rf3 f6 23. c4 e5 24. c5+ Ke6 25. g4 g5 26. Rh3 Rh8 27. dxe5
fxe5 28. Rh6+ Nf6 29. Nb6 Rbe8 30. f4 Kf7 31. fxe5 Nxg4 32. Rf1+ Kg7 33. Rxc6
Rxe5 34. Rd6 Ne3 35. Re1 Rhe8 36. c6 Ng4 37. Rxe5 Rxe5 38. g3 Re1+ 39. Kg2 h5
40. Nxd5 Re2+ 41. Kf3 Rf2+ 42. Ke4 Rc2 43. Kd3 Rxc6 44. Rxc6 Ne5+ 45. Kd4 Nxc6+
46. Kc5 Ne5 47. b4 axb4 48. axb4 h4 49. gxh4 gxh4 1/2-1/2

[Event "Mercredi 2023.10.18 ABCD"]
[Site "Montreal CAN"]
[Date "2023.10.25"]
[Round "2"]
[White "Bain-Thouverez, Aurelien"]
[Black "Deboosere, Adam"]
[Result "0-1"]
[WhiteElo "1987"]
[BlackElo "2012"]
[PlyCount "62"]
[EventDate "2023.10.18"]
[EventType "tourn"]
[EventRounds "5"]
[EventCountry "CAN"]

1. d4 Nf6 2. Nf3 e6 3. c4 b6 4. g3 Bb7 5. Bg2 Be7 6. d5 O-O 7. O-O exd5 8. Nh4
Re8 9. cxd5 d6 10. Nf5 Nbd7 11. Nc3 Bf8 12. Bg5 h6 13. Bc1 Nc5 14. Qd4 Bc8 15.
g4 Re5 16. f4 Re8 17. Bf3 g6 18. Ne3 Bg7 19. Qd1 Nfe4 20. Nxe4 Nxe4 21. Qd3 Qe7
22. Bxe4 Qxe4 23. Qxe4 Rxe4 24. f5 Bd4 25. Rf3 Rxg4+ 26. Kh1 Bxe3 27. Bxe3 Bxf5
28. h3 Rh4 29. Kh2 Be4 30. Rf6 Bf5 31. Kg2 Kg7 0-1

[Event "Mercredi 2023.10.18 ABCD"]
[Site "Montreal CAN"]
[Date "2023.10.25"]
[Round "2"]
[White "Baran, Marius"]
[Black "Beaulieu, Pierre"]
[Result "1-0"]
[WhiteElo "1729"]
[BlackElo "1800"]
[PlyCount "143"]
[EventDate "2023.10.18"]
[EventType "tourn"]
[EventRounds "5"]
[EventCountry "CAN"]

1. d4 Nf6 2. c4 e6 3. Nc3 Bb4 4. Qc2 O-O 5. e4 Bxc3+ 6. bxc3 d5 7. e5 Ne4 8.
Bd3 f5 9. exf6 Nxf6 10. Nf3 Nbd7 11. Ba3 Re8 12. O-O e5 13. dxe5 Nxe5 14. Nxe5
Rxe5 15. Rfe1 Qe8 16. Rxe5 Qxe5 17. cxd5 Bd7 18. Rc1 Ng4 19. g3 Qh5 20. f4 Re8
21. Bc5 b6 22. Bd4 c5 23. dxc6 Bxc6 24. Bf1 Kh8 25. h3 Ne3 26. Bxe3 Rxe3 27.
Qf2 Qc5 28. Kh2 Qd5 29. Bg2 Qxg2+ 30. Qxg2 Bxg2 31. Kxg2 Re2+ 32. Kf3 Rxa2 33.
c4 Ra3+ 34. Kg4 h6 35. c5 bxc5 36. Rxc5 Kh7 37. Kh4 a5 38. g4 a4 39. Ra5 Ra1
40. f5 a3 41. Ra7 a2 42. Kh5 Kg8 43. Kg6 Kf8 44. Kh7 Rh1 45. Rxa2 Rxh3 46. Ra7
h5 47. g5 Rf3 48. Kg6 h4 49. Rf7+ Ke8 50. Rxg7 h3 51. Rh7 Kf8 52. f6 Kg8 53.
Rg7+ Kf8 54. Rh7 Ke8 55. Rh8+ Kd7 56. Kf7 Kd6 57. Rh6 Ke5 58. Kg7 Rf5 59. Rxh3
Rxg5+ 60. Kf7 Rf5 61. Re3+ Kf4 62. Re6 Ra5 63. Kf8 Kf5 64. Rb6 Ra8+ 65. Kg7 Ra1
66. f7 Rg1+ 67. Kf8 Ra1 68. Rc6 Ra8+ 69. Ke7 Ra7+ 70. Ke8 Ra8+ 71. Kd7 Rf8 72.
Ke7 1-0

[Event "Mercredi 2023.10.18 ABCD"]
[Site "Montreal CAN"]
[Date "2023.10.25"]
[Round "2"]
[White "Chapdelaine, Gwyn"]
[Black "Genzling, Jerome"]
[Result "1/2-1/2"]
[WhiteElo "2112"]
[BlackElo "2133"]
[PlyCount "99"]
[EventDate "2023.10.18"]
[EventType "tourn"]
[EventRounds "5"]
[EventCountry "CAN"]

1. d4 d5 2. c4 e6 3. g3 dxc4 4. Bg2 Nc6 5. e3 Rb8 6. Qa4 Bd7 7. Qxc4 b5 8. Qe2
Nf6 9. Nf3 Be7 10. O-O O-O 11. e4 Na5 12. Ne5 b4 13. Nxd7 Qxd7 14. Rd1 Qb5 15.
Qxb5 Rxb5 16. b3 Rd8 17. Bb2 c5 18. e5 Ng4 19. Bf1 Rb7 20. Nd2 cxd4 21. Nf3 Nc6
22. Nxd4 Nxd4 23. Rxd4 Rxd4 24. Bxd4 Rd7 25. h3 Rxd4 26. hxg4 Rd2 27. Rc1 Bd8
28. Ba6 g5 29. f4 Bb6+ 30. Kh1 Rxa2 31. Bd3 Bf2 32. Rc8+ Kg7 33. f5 exf5 34.
gxf5 Bxg3 35. f6+ Kh6 36. e6 fxe6 37. f7 Bd6 38. f8=Q+ Bxf8 39. Rxf8 Kg7 40.
Rd8 Kf6 41. Rh8 a5 42. Rxh7 Ke5 43. Bc4 Rc2 44. Ra7 Rxc4 45. Rxa5+ Kd4 46. bxc4
Kxc4 47. Rxg5 b3 48. Rg7 b2 49. Rb7 Kc3 50. Kg2 1/2-1/2

[Event "Mercredi 2023.10.18 ABCD"]
[Site "Montreal CAN"]
[Date "2023.10.25"]
[Round "2"]
[White "Corbel, Mael"]
[Black "Cote, Etienne"]
[Result "0-1"]
[WhiteElo "1746"]
[BlackElo "1807"]
[PlyCount "82"]
[EventDate "2023.10.18"]
[EventType "tourn"]
[EventRounds "5"]
[EventCountry "CAN"]

1. d4 Nf6 2. Nf3 g6 3. c4 Bg7 4. Nc3 O-O 5. e4 d6 6. Be2 e5 7. O-O exd4 8. Nxd4
Re8 9. Bf3 c6 10. Bf4 Nbd7 11. Bxd6 Ne5 12. Bxe5 Rxe5 13. Nb3 Qc7 14. g3 Bh3
15. Re1 h5 16. Bg2 Bxg2 17. Kxg2 Ng4 18. f4 Re7 19. Qf3 a5 20. h3 Nh6 21. Rad1
a4 22. Nd4 Qb6 23. Qf2 a3 24. b3 Qa5 25. Rd3 Rd8 26. Red1 Red7 27. Nxc6 bxc6
28. Rxd7 Rxd7 29. Rxd7 Bxc3 30. Qa7 Qb4 31. Qb7 Qc5 32. Qa7 Qb4 33. Qa8+ Kh7
34. Qxc6 Be1 35. Qd5 Qc3 36. Qd4 Qxg3+ 37. Kf1 Bc3 38. Qa7 Qxh3+ 39. Ke2 Qg2+
40. Ke3 Ng4+ 41. Kd3 Qd2# 0-1

[Event "Mercredi 2023.10.18 ABCD"]
[Site "Montreal CAN"]
[Date "2023.10.25"]
[Round "2"]
[White "Destree, Frederic"]
[Black "Kozlov, Guennadi"]
[Result "1/2-1/2"]
[WhiteElo "1834"]
[BlackElo "1830"]
[PlyCount "69"]
[EventDate "2023.10.18"]
[EventType "tourn"]
[EventRounds "5"]
[EventCountry "CAN"]

1. Nf3 e6 2. c4 f5 3. g3 Nf6 4. Bg2 c6 5. d4 d5 6. cxd5 exd5 7. O-O Be7 8. Nc3
O-O 9. Qc2 Ne4 10. Nd2 Nd7 11. f3 Nd6 12. e4 fxe4 13. fxe4 Rxf1+ 14. Nxf1 Qb6
15. exd5 Bf6 16. dxc6 Bxd4+ 17. Kh1 bxc6 18. Na4 Qa6 19. Qxc6 Qxc6 20. Bxc6 Rb8
21. Bf4 Ne5 22. Bd5+ Ndf7 23. Rd1 Rb4 24. b3 Bg4 25. Re1 Kf8 26. Nd2 Nd3 27.
Rf1 Bf6 28. Ne4 Be2 29. Rg1 Bd4 30. Rg2 Nf2+ 31. Kg1 Nh3+ 32. Kh1 Nf2+ 33. Kg1
Nh3+ 34. Kh1 Nf2+ 35. Kg1 1/2-1/2

[Event "Mercredi 2023.10.18 ABCD"]
[Site "Montreal CAN"]
[Date "2023.10.25"]
[Round "2"]
[White "Gelet, Seymour"]
[Black "Di Matteo, Alessio"]
[Result "0-1"]
[WhiteElo "2094"]
[BlackElo "2066"]
[PlyCount "81"]
[EventDate "2023.10.18"]
[EventType "tourn"]
[EventRounds "5"]
[EventCountry "CAN"]

1. d4 d5 2. Bg5 Nf6 3. Bxf6 gxf6 4. e3 e5 5. Nc3 Be6 6. Qh5 Nd7 7. O-O-O c6 8.
f4 exd4 9. exd4 f5 10. Re1 Qf6 11. Nf3 O-O-O 12. g3 Bb4 13. Re3 Kb8 14. Bh3 c5
15. Rd1 cxd4 16. Nxd4 Bc5 17. Red3 Qg6 18. Qf3 Nf6 19. Na4 Be7 20. Rb3 Rc8 21.
Bf1 Rhd8 22. Ba6 Rd7 23. Qd3 Ne4 24. Qb5 Nd6 25. Nc6+ Ka8 26. Bxb7+ Rxb7 27.
Qa6 Rxc6 28. Qxc6 Bd7 29. Qa6 Bb5 30. Qa5 Nc4 31. Qe1 Qe6 32. Nc3 Bc6 33. Rxb7
Kxb7 34. Qf1 Ne3 35. Qd3 Nxd1 36. Nxd1 Bc5 37. b4 Bb6 38. b5 Bd7 39. a4 d4 40.
Kb2 Qd5 41. Nc3 0-1

[Event "Mercredi 2023.10.18 ABCD"]
[Site "Montreal CAN"]
[Date "2023.10.25"]
[Round "2"]
[White "Landry, Sylvain"]
[Black "Avarian, Sevag"]
[Result "0-1"]
[WhiteElo "1889"]
[BlackElo "1967"]
[PlyCount "110"]
[EventDate "2023.10.18"]
[EventType "tourn"]
[EventRounds "5"]
[EventCountry "CAN"]

1. e4 c5 2. Nf3 Nc6 3. d4 cxd4 4. Nxd4 g6 5. c4 Nf6 6. Nc3 d6 7. Be2 Nxd4 8.
Qxd4 Bg7 9. O-O O-O 10. Qd3 Nd7 11. Qc2 Nc5 12. Rd1 Bxc3 13. Qxc3 Nxe4 14. Qd4
Nc5 15. Bh6 Ne6 16. Qc3 Re8 17. c5 d5 18. Bc4 d4 19. Qf3 Qa5 20. Rac1 Rd8 21.
Qe4 Qc7 22. b4 a5 23. b5 Nxc5 24. Qf3 Bf5 25. g4 Be6 26. Bxe6 fxe6 27. Rd2 Qd6
28. Qe2 b6 29. Rcd1 d3 30. Qe3 Qd4 31. Qxd4 Rxd4 32. f3 Rad8 33. Be3 R4d5 34.
Rb2 Kf7 35. Kf2 h5 36. h3 e5 37. Ke1 hxg4 38. hxg4 Ke6 39. Kd2 R8d6 40. Rc1 Kd7
41. Bxc5 bxc5 42. a4 Kc7 43. Rc4 Kb6 44. Rb3 Rd4 45. Rbc3 Rxc4 46. Rxc4 Rf6 47.
Kxd3 Rxf3+ 48. Ke2 Rf4 49. Kd3 g5 50. Re4 Rxe4 51. Kxe4 c4 52. Ke3 Kc5 53. Kd2
e4 54. Ke2 e3 55. Kd1 c3 0-1

[Event "Mercredi 2023.10.18 ABCD"]
[Site "Montreal CAN"]
[Date "2023.10.25"]
[Round "2"]
[White "Latorre, Vincent"]
[Black "Adam, Rafael"]
[Result "1/2-1/2"]
[WhiteElo "2219"]
[BlackElo "2185"]
[PlyCount "89"]
[EventDate "2023.10.18"]
[EventType "tourn"]
[EventRounds "5"]
[EventCountry "CAN"]

1. e4 e5 2. Nf3 Nc6 3. Bc4 Nf6 4. d3 h6 5. O-O d6 6. c3 g5 7. Na3 Bg7 8. Nc2
O-O 9. Ne3 Ne7 10. Re1 c6 11. Bb3 Qc7 12. c4 Ng6 13. Nd2 Be6 14. Ndf1 Qd7 15.
Bd2 Ng4 16. Bc3 Nxe3 17. Nxe3 f5 18. Bc2 f4 19. Nf5 Ne7 20. Nxg7 Kxg7 21. d4
Ng6 22. dxe5 dxe5 23. Qxd7+ Bxd7 24. Rad1 Rfd8 25. Bb4 Be6 26. b3 Kf6 27. a4
Nf8 28. a5 Rd7 29. Bc5 a6 30. Bb6 Rc8 31. Bc5 Rcd8 32. Bxf8 Rxf8 33. Rxd7 Bxd7
34. Rd1 Be6 35. c5 Ke7 36. f3 h5 37. Kf2 g4 38. Rd2 Rg8 39. Bd1 g3+ 40. Kg1
gxh2+ 41. Kxh2 h4 42. Be2 h3 43. Bc4 hxg2 44. Rxg2 Rxg2+ 45. Kxg2 1/2-1/2

[Event "Mercredi 2023.10.18 ABCD"]
[Site "Montreal CAN"]
[Date "2023.10.25"]
[Round "2"]
[White "Li, Yi Lin"]
[Black "Singher, Jean-Pierre"]
[Result "1-0"]
[WhiteElo "1982"]
[BlackElo "1969"]
[PlyCount "69"]
[EventDate "2023.10.18"]
[EventType "tourn"]
[EventRounds "5"]
[EventCountry "CAN"]

1. e4 c5 2. Nf3 Nc6 3. d4 cxd4 4. Nxd4 e5 5. Nb5 d6 6. N1c3 a6 7. Na3 Be7 8.
Nc4 b5 9. Ne3 Nf6 10. a3 O-O 11. Be2 Nd4 12. O-O Bb7 13. Bf3 Rc8 14. Re1 Nxf3+
15. Qxf3 Rxc3 16. bxc3 Bxe4 17. Qe2 Qc8 18. c4 bxc4 19. Nxc4 Bd5 20. Ne3 Be6
21. c4 Qc5 22. Bd2 Rc8 23. Bb4 Qc7 24. Rec1 a5 25. Bd2 Ne4 26. Rab1 Nc5 27. Rb5
a4 28. Ba5 Qc6 29. Rb6 Qe4 30. Qc2 Nd3 31. Rd1 Qa8 32. Qxd3 Qxa5 33. Rb7 Bg5
34. Qxd6 Bxe3 35. fxe3 1-0

[Event "Mercredi 2023.10.18 ABCD"]
[Site "Montreal CAN"]
[Date "2023.10.25"]
[Round "2"]
[White "Lima-Barbosa, Raphael"]
[Black "Guillemette, Hugo"]
[Result "0-1"]
[WhiteElo "2001"]
[BlackElo "2023"]
[PlyCount "112"]
[EventDate "2023.10.18"]
[EventType "tourn"]
[EventRounds "5"]
[EventCountry "CAN"]

1. c4 e6 2. Nc3 c5 3. Nf3 Nf6 4. g3 b6 5. Bg2 Bb7 6. O-O d6 7. Re1 Be7 8. e4 a6
9. d4 cxd4 10. Nxd4 Qc7 11. b3 b5 12. Bh3 O-O 13. Bxe6 fxe6 14. Nxe6 Qc8 15.
Nxf8 bxc4 16. Nxh7 Kxh7 17. Nd5 Bxd5 18. exd5 Bf8 19. Re6 cxb3 20. axb3 Nbd7
21. Bb2 Qb7 22. Qc2+ Kh8 23. Ra4 Rc8 24. Qe2 Qxd5 25. Rh4+ Kg8 26. f4 Qxb3 27.
Re3 Qb6 28. Kg2 Rc2 29. Qxc2 Qxe3 30. f5 d5 31. Bd4 Qa3 32. g4 Ne4 33. Rh3 Qd6
34. Rf3 Ne5 35. Bxe5 Qxe5 36. h4 Bd6 37. Kh3 d4 38. g5 d3 39. Qc8+ Bf8 40. Qc4+
Kh8 41. Qxd3 Bd6 42. Qc2 Bc7 43. g6 Nf6 44. Rc3 Nd5 45. Rb3 Nf6 46. Rc3 Ne4 47.
Rf3 a5 48. Qg2 a4 49. h5 Ng5+ 50. Qxg5 Qh2+ 51. Kg4 Qg2+ 52. Kh4 Qxf3 53. h6
Qh1+ 54. Kg4 Qg2+ 55. Kh4 Qxg5+ 56. Kxg5 Bd8+ 0-1

[Event "Mercredi 2023.10.18 ABCD"]
[Site "Montreal CAN"]
[Date "2023.10.25"]
[Round "2"]
[White "Pomerantz, Daniel"]
[Black "Batorshyn, Ilia	"]
[Result "1/2-1/2"]
[WhiteElo "2123"]
[BlackElo "2153"]
[PlyCount "93"]
[EventDate "2023.10.18"]
[EventType "tourn"]
[EventRounds "5"]
[EventCountry "CAN"]

1. e4 c5 2. Nf3 Nc6 3. Bb5 e6 4. O-O g5 5. Bxc6 bxc6 6. d4 g4 7. Ne5 cxd4 8.
Qxg4 Nf6 9. Qf3 Rg8 10. Na3 Be7 11. Nxf7 Kxf7 12. e5 Qa5 13. exf6 Bxa3 14. bxa3
Qd5 15. Qxd5 cxd5 16. Bf4 Ba6 17. Rfe1 Rac8 18. Be5 Rxc2 19. Bxd4 d6 20. Rac1
Rgc8 21. Rxc2 Rxc2 22. f4 Bd3 23. Re3 Rd2 24. Bc3 Rd1+ 25. Kf2 Bc4 26. Re1 Rd3
27. Re3 Rd1 28. Rh3 d4 29. Bb4 Rf1+ 30. Kg3 Bd3 31. Bxd6 Bg6 32. Bb4 Kxf6 33.
Rh4 h5 34. f5 Bxf5 35. Rxd4 e5 36. Rd6+ Be6 37. Ra6 Rf4 38. h3 h4+ 39. Kh2 Rf2
40. Be1 Rxa2 41. Bxh4+ Kf5 42. Rxa7 Bd5 43. Rg7 Rxa3 44. Be7 Ra4 45. Rg4 Rxg4
46. hxg4+ Kxg4 47. Bc5 1/2-1/2

[Event "Mercredi 2023.10.18 ABCD"]
[Site "Montreal CAN"]
[Date "2023.10.25"]
[Round "2"]
[White "Templonueva, Mark Geryl"]
[Black "Morin-Pare, Victor"]
[Result "1/2-1/2"]
[WhiteElo "1860"]
[BlackElo "1893"]
[PlyCount "114"]
[EventDate "2023.10.18"]
[EventType "tourn"]
[EventRounds "5"]
[EventCountry "CAN"]

1. d4 Nf6 2. c4 e6 3. Nf3 b6 4. a3 Be7 5. g4 Nxg4 6. Rg1 h5 7. h3 Nh6 8. Rxg7
Nf5 9. Rg1 Bb7 10. e3 d5 11. Nc3 dxc4 12. Bxc4 c5 13. Ne5 cxd4 14. e4 Nd6 15.
Qf3 Bf6 16. Bg5 Bxg5 17. Nb5 Rf8 18. Nxd6+ Qxd6 19. Rxg5 Nc6 20. Bb5 a6 21.
Bxc6+ Bxc6 22. Rc1 Bb5 23. Nc4 Qd8 24. Rxh5 Bxc4 25. Rxc4 Rc8 26. Qd3 Rxc4 27.
Qxc4 Rg8 28. Qxa6 d3 29. Kd2 Qd4 30. Qc8+ Ke7 31. Qc7+ Kf6 32. Qf4+ Ke7 33.
Qc7+ Kf6 34. Qc3 Qxc3+ 35. Kxc3 Rg2 36. Kxd3 Rxf2 37. Rb5 Rf3+ 38. Kd4 Rxh3 39.
Rxb6 Rh1 40. a4 Rd1+ 41. Kc3 Rc1+ 42. Kb3 Ra1 43. Rb4 Ke5 44. Rc4 f5 45. exf5
exf5 46. Kb4 f4 47. Kb5 f3 48. Rc2 Ra2 49. a5 Kd4 50. a6 Kd3 51. Rh2 Ke3 52.
Kb6 f2 53. Rxf2 Kxf2 54. b4 Ke3 55. b5 Kd4 56. a7 Kc4 57. Kb7 Kxb5 1/2-1/2

[Event "Mercredi 2023.10.18 ABCD"]
[Site "Montreal CAN"]
[Date "2023.11.01"]
[Round "3"]
[White "Adam, Rafael"]
[Black "Chapdelaine, Gwyn"]
[Result "1-0"]
[WhiteElo "2185"]
[BlackElo "2112"]
[PlyCount "95"]
[EventDate "2023.10.18"]
[EventType "tourn"]
[EventRounds "5"]
[EventCountry "CAN"]

1. d4 Nf6 2. c4 e6 3. g3 Bb4+ 4. Nc3 O-O 5. Bg2 d5 6. Nf3 Nbd7 7. Qb3 Ba5 8.
O-O c6 9. Bf4 Bc7 10. Rac1 Bxf4 11. gxf4 Nh5 12. e3 Kh8 13. Ne2 b6 14. cxd5
cxd5 15. Qa4 b5 16. Qb4 Nhf6 17. Ne5 a5 18. Qd6 Nxe5 19. Qxd8 Nf3+ 20. Bxf3
Rxd8 21. Rc7 Ne8 22. Rc5 Nd6 23. Rfc1 b4 24. Ng3 a4 25. f5 Rb8 26. fxe6 fxe6
27. Be2 Bd7 28. f3 b3 29. a3 Bb5 30. Bxb5 Nxb5 31. Nf1 Kg8 32. Kf2 Rb7 33. Nd2
Rdd7 34. Nb1 Kf7 35. Ke2 Kf6 36. Rc6 Nd6 37. Nc3 Ra7 38. e4 dxe4 39. fxe4 Ke7
40. Rg1 g6 41. Kd3 Nf7 42. Kc4 Nd6+ 43. Kd3 Nf7 44. Ke3 Nd6 45. Rg5 Rdc7 46.
Rgc5 Rxc6 47. Rxc6 Kd7 48. Rxd6+ 1-0

[Event "Mercredi 2023.10.18 ABCD"]
[Site "Montreal CAN"]
[Date "2023.11.01"]
[Round "3"]
[White "Avarian, Sevag"]
[Black "Li, Yi Lin"]
[Result "0-1"]
[WhiteElo "1967"]
[BlackElo "1982"]
[PlyCount "162"]
[EventDate "2023.10.18"]
[EventType "tourn"]
[EventRounds "5"]
[EventCountry "CAN"]

1. e4 c5 2. Nc3 Nc6 3. Bb5 e5 4. a4 g6 5. Nf3 d6 6. h3 Bg7 7. d3 a6 8. Bc4 Nf6
9. Bg5 h6 10. Bxf6 Bxf6 11. Nh2 O-O 12. Ng4 Bg7 13. Ne3 Kh7 14. Ncd5 f5 15. g4
fxe4 16. dxe4 Qh4 17. Rh2 Nd4 18. Be2 Rb8 19. c3 Ne6 20. Bd3 Bd7 21. Qe2 Nf4
22. Nxf4 exf4 23. Nd5 f3 24. Qd2 Be5 25. Rh1 Bxg4 26. O-O-O Be6 27. Nb6 a5 28.
Bc4 Bc8 29. Kb1 Qd8 30. Nxc8 Qxc8 31. Qd3 Rf4 32. Rde1 Qd7 33. Bb5 Qe6 34. Bc4
Qd7 35. Bb5 Qe7 36. Re3 Rbf8 37. Qc2 Qe6 38. Qd3 Qf6 39. Qc2 Rh4 40. Qd3 h5 41.
Qd5 Qf7 42. Qd3 Rf4 43. Bc4 Qd7 44. Bb3 Qc6 45. Bd1 c4 46. Qc2 Qd7 47. Qd2 Qf7
48. Bc2 Rb8 49. Bd1 Rf8 50. Qe1 Qe7 51. Qf1 Qe6 52. Qe1 Qd7 53. Qd2 Qe6 54. Qe1
R8f6 55. Ka2 Qd7 56. Qd2 Qc6 57. Bc2 Rf8 58. Qd1 R4f7 59. Qd5 Qxd5 60. exd5 Kh6
61. h4 Rf4 62. Rg1 R8f6 63. Rh1 Rg4 64. Rh3 Rg2 65. Rexf3 Rxf2 66. Rxf6 Bxf6
67. Be4 Rf4 68. Rf3 Rxf3 69. Bxf3 Bxh4 70. Kb1 Kg5 71. Kc2 Kf4 72. Be2 Bf2 73.
Bxc4 Bc5 74. Kd2 Kf3 75. Ke1 h4 76. Bf1 g5 77. Be2+ Kf4 78. Kf1 h3 79. b4 axb4
80. cxb4 Bd4 81. Bd3 g4 0-1

[Event "Mercredi 2023.10.18 ABCD"]
[Site "Montreal CAN"]
[Date "2023.11.01"]
[Round "3"]
[White "Batorshyn, Ilia	"]
[Black "Latorre, Vincent"]
[Result "1-0"]
[WhiteElo "2153"]
[BlackElo "2219"]
[PlyCount "89"]
[EventDate "2023.10.18"]
[EventType "tourn"]
[EventRounds "5"]
[EventCountry "CAN"]

1. d4 Nf6 2. c4 g6 3. Nc3 Bg7 4. e4 d6 5. h3 O-O 6. Be3 Na6 7. Nge2 c5 8. g3
cxd4 9. Nxd4 Nc5 10. Bg2 a5 11. O-O a4 12. Qc2 Qa5 13. Rad1 Ne6 14. Ndb5 Bd7
15. e5 dxe5 16. Bxb7 Rab8 17. Bg2 Rbc8 18. Qe2 Qb4 19. Na7 Rc7 20. Nd5 Nxd5 21.
cxd5 Nd4 22. Bxd4 exd4 23. Nc6 Bxc6 24. dxc6 Rb8 25. Qd3 h5 26. Rd2 Qd6 27. h4
e5 28. f4 exf4 29. gxf4 Re8 30. f5 Bh6 31. Re2 Rxe2 32. Qxe2 Be3+ 33. Kh1 Qg3
34. Qe1 Qg4 35. fxg6 fxg6 36. b4 axb3 37. axb3 Kg7 38. b4 Ra7 39. Kh2 Bf4+ 40.
Kh1 Be3 41. Kh2 g5 42. hxg5 h4 43. Rf3 Ra2 44. Qf1 h3 45. Rf7+ 1-0

[Event "Mercredi 2023.10.18 ABCD"]
[Site "Montreal CAN"]
[Date "2023.11.01"]
[Round "3"]
[White "Beaulieu, Pierre"]
[Black "Corbel, Mael"]
[Result "1-0"]
[WhiteElo "1800"]
[BlackElo "1746"]
[PlyCount "167"]
[EventDate "2023.10.18"]
[EventType "tourn"]
[EventRounds "5"]
[EventCountry "CAN"]

1. Nf3 Nf6 2. b3 g6 3. Bb2 Bg7 4. e3 d6 5. Be2 e5 6. d3 O-O 7. h3 c6 8. Nbd2 a5
9. a4 Na6 10. O-O Qc7 11. Nc4 Be6 12. Na3 Nb4 13. c3 Nbd5 14. Ng5 Bd7 15. c4
Nb4 16. Nf3 Bf5 17. e4 Be6 18. Kh2 Nh5 19. g3 Qe7 20. Nh4 Nf6 21. Rg1 g5 22.
Nf5 Bxf5 23. exf5 e4 24. d4 d5 25. c5 Qd7 26. g4 Qc7+ 27. Kh1 Qf4 28. Bc1 Qxf2
29. Qd2 Qh4 30. Kh2 Qf2+ 31. Rg2 Qf4+ 32. Qxf4 gxf4 33. Bxf4 Nd7 34. Rd1 b6 35.
cxb6 Nxb6 36. Bd6 Rfc8 37. Bxb4 axb4 38. Nc2 Bf8 39. Ne3 Nd7 40. g5 Bd6+ 41.
Kh1 Bf4 42. Nc2 Bd6 43. Bg4 Rc7 44. h4 Rf8 45. Ne3 Bf4 46. Nc2 Rb8 47. Kg1 c5
48. f6 c4 49. Rb1 c3 50. Bxd7 Rxd7 51. Kf2 Bd2 52. Ra1 Rc7 53. Ke2 Kf8 54. h5
Rb6 55. Rh1 Ke8 56. g6 fxg6 57. hxg6 hxg6 58. Rxg6 Rf7 59. Rh8+ Kd7 60. Rh5 Ke6
61. Re5+ Kd6 62. Rf5 Rb8 63. Rg7 Rbf8 64. Rxf7 Rxf7 65. Nxb4 Ke6 66. Re5+ Kxf6
67. Nxd5+ Kg6 68. Rxe4 Rh7 69. Kd3 Rh3+ 70. Kc2 Rh2 71. Nxc3 Be1+ 72. Re2 Bf2
73. Ne4 Bg1 74. Rxh2 Bxh2 75. Kc3 Kf5 76. Nc5 Kf6 77. Kc4 Ke7 78. Kb5 Kd8 79.
Kc6 Kc8 80. b4 Kb8 81. b5 Kc8 82. a5 Kb8 83. d5 Ka8 84. d6 1-0

[Event "Mercredi 2023.10.18 ABCD"]
[Site "Montreal CAN"]
[Date "2023.11.01"]
[Round "3"]
[White "Cote, Etienne"]
[Black "Destree, Frederic"]
[Result "1-0"]
[WhiteElo "1807"]
[BlackElo "1834"]
[PlyCount "55"]
[EventDate "2023.10.18"]
[EventType "tourn"]
[EventRounds "5"]
[EventCountry "CAN"]

1. e4 d6 2. d4 Nf6 3. Nc3 g6 4. Be3 c6 5. Qd2 b5 6. f3 Nbd7 7. O-O-O Qa5 8. a3
Nb6 9. d5 Bb7 10. Kb1 Nc4 11. Bxc4 bxc4 12. dxc6 Bxc6 13. Nd5 Qxd2 14. Nxf6+
exf6 15. Rxd2 Kd7 16. Ne2 Be7 17. Nc3 Rhc8 18. Rhd1 Ke6 19. Rd4 a6 20. Rxc4
Rab8 21. Ne2 Ba8 22. Rxc8 Rxc8 23. Nf4+ Kd7 24. Nd5 Bd8 25. Bf4 Ke6 26. Nb4 a5
27. Rxd6+ Ke7 28. Nd5+ 1-0